Central Library OPAC University of Rajshahi

Computer methods in mathematics / (Record no. 6087)

MARC details
000 -LEADER
fixed length control field 00996nam a2200301 a 4500
001 - CONTROL NUMBER
control field 6087
003 - CONTROL NUMBER IDENTIFIER
rucl marc code BD-RjUL
005 - DATE AND TIME OF LATEST TRANSACTION
control field 20211208234201.0
008 - FIXED-LENGTH DATA ELEMENTS--GENERAL INFORMATION
fixed length control field 160829s1969 caua b 001 0 eng
020 ## - INTERNATIONAL STANDARD BOOK NUMBER
International Standard Book Number 0201001500
035 ## - SYSTEM CONTROL NUMBER
System control number (BD-RjUL)6126
040 ## - CATALOGING SOURCE
Original cataloging agency DLC
Transcribing agency DLC
Modifying agency DLC
-- BD-RjUL
Language of cataloging eng
041 ## - LANGUAGE CODE
Language code of text/sound track or separate title eng
082 00 - DEWEY DECIMAL CLASSIFICATION NUMBER
Classification number 005.13
Author mark and year ALC 1969
100 1# - MAIN ENTRY--PERSONAL NAME
Personal name Albrecht, Bob,
Dates associated with a name 1930-
9 (RLIN) 19154
245 10 - TITLE STATEMENT
Title Computer methods in mathematics /
Statement of responsibility, etc. Robert L. Albrecht, Eric Lindberg and Walter Mara.
260 ## - PUBLICATION, DISTRIBUTION, ETC. (IMPRINT)
Place of publication, distribution, etc. Menlo Park, Calif. :
Name of publisher, distributor, etc. Addison-Wesley Pub. Co. ,
Date of publication, distribution, etc. c1969
300 ## - PHYSICAL DESCRIPTION
Pagination 204 p. :
Illustrations ill. ;
Size 28 cm.
504 ## - BIBLIOGRAPHY, ETC. NOTE
Bibliography, etc Bibliography: p. 202. and index.
650 #0 - SUBJECT ADDED ENTRY--TOPICAL TERM
Topical term or geographic name as entry element Programming languages (Electronic computers)
9 (RLIN) 1026
Topical term or geographic name as entry element Computers
9 (RLIN) 165788
Topical term or geographic name as entry element Mathematics
General subdivision Data processing
9 (RLIN) 165789
Topical term or geographic name as entry element Computer programming
9 (RLIN) 138757
700 1# - ADDED ENTRY--PERSONAL NAME
Personal name Lindberg, Eric,
Relator term joint author.
Personal name Mara, Walter,
Relator term joint author.
942 ## - ADDED ENTRY ELEMENTS (KOHA)
Source of classification or shelving scheme Dewey Decimal Classification
Koha item type Books
Holdings
Lost status Source of classification or shelving scheme Damaged status Not for loan Collection code Permanent Location Current Location Shelving location Date acquired Source of acquisition Cost, normal purchase price Total Checkouts Full call number Date last seen Copy number Koha item type
  Dewey Decimal Classification     Non-fiction Central Library, University of Rajshahi Central Library, University of Rajshahi   03/03/1980 Helfers 7.10   005.13 ALC 1969 09/01/2014 C-2 Books
  Dewey Decimal Classification     Non-fiction Central Library, University of Rajshahi Central Library, University of Rajshahi   03/03/1980 Helfers 7.10   005.13 ALC 1969 11/01/2014 C-5 Books
  Dewey Decimal Classification     Non-fiction Central Library, University of Rajshahi Central Library, University of Rajshahi   03/03/1980 Helfers 7.10   005.13 ALC 1969 30/08/2016 C-3 Books
  Dewey Decimal Classification     Non-fiction Central Library, University of Rajshahi Central Library, University of Rajshahi   03/03/1980 Helfers 7.10   005.13 ALC 1969 30/08/2016 C-4 Books
  Dewey Decimal Classification     Non-fiction Central Library, University of Rajshahi Central Library, University of Rajshahi   03/03/1980 Helfer 7.10   005.13 ALC 1969 20/11/2016 C-5 Books